00531nam a2200193 a 4500001001500000003000400015005001700019008004100036020001800077040001000095082001600105100002100121245007300142260004500215300001800260650001500278650002300293700002100316ASIN8188826324OSt20150408114142.0130927s2012 xxu eng d a9788189757533 aMa-Un 222a629.8921 aGoyal, Khushdeep10aIndustrial automation & robotics /c Khushdeep Goyal Deepak Bhandari aNew Delhi :bS. K. Kataria & Sonsc2010. a404 P.c25 cm aAutomation aRobots, Industrial aBhandari, Deepak